Statistics for Countries Bordering France by Area

Click here to take the quiz!

General Stats

  • This quiz has been taken 95 times
  • The average score is 9 of 10

Answer Stats

Area (km2)Border LengthCountry% Correct
505.992623Spain
99%
357.114451Germany
96%
301.336488Italy
95%
8.515.767673Brazil
93%
30.528620Belgium
90%
46857Andorra
89%
2.024Monaco
89%
41.284573Switzerland
88%
2.58673Luxembourg
81%
163.820510Suriname
81%

Score Distribution

Percentile by Number Answered

Percent of People with Each Score

Your Score History

You have not taken this quiz